000 01067nam a2200301 i 4500
001 bg
003 KOSZ 005
005 20200714112707.0
008 080630s1961 pl a f 001 0 pol
015 _aPB 1961/7793
040 _aWA N
_cKOSZ 005/RW
_dKOSZ 005/RW
041 1 _apol
_hrus
080 _a513:519
100 1 _aPontrâgin, Lev Semenovič
_d(1908-1988).
245 1 0 _aGrupy topologiczne /
_cL. S. Pontriagin ; [tł. R. Molski i P. Szeptycki].
246 1 _iTyt. oryg.:
_aNepretyvnye gruppy.
260 _aWarszawa :
_bPaństwowe Wydawnictwo Naukowe,
_c1961.
300 _a479, [1] s. :
_berr. ;
_c25 cm.
380 _aKsiążki.
504 _aBibliogr. s. [469]-470. Indeks.
650 4 _aTopologia
650 4 _aTeoria grup
700 1 _aMolski, Rafał
_d(1925-2000).
_eTł.
700 1 _aSzeptycki, Paweł
_d(1935-2004).
_eTł.
710 2 _aPaństwowe Wydawnictwo Naukowe
_4pbl.
856 _uhttp://koha.tu.koszalin.pl/cgi-bin/koha/opac-detail.pl?biblionumber=46982
_yKatalog online BPK
942 _2UKD
_cKS
999 _c46982
_d46982